000 00363 a2200133 4500
005 20250415100118.0
020 _a0-340-65522-4
082 _a657 .2 SHA
100 _aSHARRATT, G.
245 _aRecording Financial Information .
260 _aLondon,
_bHodder & Stoughton,
_c1997.
300 _a60p.: Ill.; figures, picture & table
_bIndex
_c24cm.
942 _2ddc
_cBKS
999 _c1439
_d1439